000 00560nam a2200145 i 4500
001 182073
003 ES-MaACL
005 20230906221525.0
008 130529s1939 sp |||| | spa d
100 1 _aBenítez de Castro, Cecilio.
_927625
245 1 0 _aSe ha ocupado el Kilometro 6...
_b: novela /
_cpor Benitez de Castro.
260 _aBarcelona :
_bEdit. Molino,
_c[1939?] (
_fTall. Graf.: Vicente Ferrer)
300 _a94 p. :
_bil. ;
_c21 cm.
852 _aES-MaACL
_j2114-F-22
_z.- Donativo de los herederos de la biblioteca de Mª del Pilar Costa Palacín
999 _c182073
_d182073